| 000 | 00856cad a22002175a 4500 | ||
|---|---|---|---|
| 001 | E152662 | ||
| 008 | 110411s2011 xxk f s000 0 eng d | ||
| 035 | _a(Sirsi) u152662 | ||
| 041 | 0 | _aeng | |
| 110 | 2 |
_aScotland _kLaws, etc. |
|
| 245 | 0 | 0 |
_aProperty Factors (Scotland) Act 2011 _h[electronic resource] |
| 260 |
_a[S.l.] _bNational Archives _c2011 |
||
| 520 | _aEstablishes a register of property factors and requires property factors to be registered. Also relates to the resolution of disputes between homeowners and property factors. | ||
| 521 | _aAdvanced | ||
| 590 | _aKA | ||
| 650 | 2 | 4 | _aPROPERTY FACTORS (SCOTLAND) ACT 2011 |
| 651 | 4 |
_aScotland _y1999- |
|
| 690 | _aPROPERTY-LANDLORD AND TENANT | ||
| 856 | 4 | 0 |
_uhttps://www.legislation.gov.uk/asp/2011/8/contents/enacted _zView the Act free of charge at www.legislation.gov.uk |
| 942 | _n0 | ||
| 999 |
_c112154 _d112154 |
||